1 joueur par nationalité - Equipes en 8ème de LDC - Statistiques

Statistiques générales
  • Ce quiz a été pris 91 fois
  • Le résultat moyen est 23 sur 57
Statistiques - réponses
Pays Nombre de joueur Joueurs % Correct
Espagne 53 Dro / Fabian Ruiz / Ferran Torres / Lamine Yamal / Pedri / Pablo Gavi / Dani Olmo / Fermin Lopez / Marc Casado / Marc Bernal / Tomas Marques / Pau Cubarsi / Alejandro Balde / Eric Garcia / Gerard Martin / Joan Garcia / Stefan Bajcetic / Gonzalo Garcia / Dani Ceballos / Thiago Pitarch / Jorge Cestero / Cesar Palacios / Manuel Angel Moran / Dean Huijsen / Daniel Carvajal / Raul Asencio / Alvaro Carreras / Fran Garcia / Joan Martinez / Fran Gonzalez / Sergio Mestre / Ivan Fresneda / Mikel Merino / Martin Zubimendi / Christhian Mosquera / David Raya / Kepa Arrizabalaga / Marc Guiu / Marc Cucurella / Roberto Sanchez / Sergio Esteban / Marcos Llorente / Robin Le Normand / Marc Pubill / Alejandro Baena / Pablo Barrios / Koke / Pedro Porro / Nico Gonzalez / Rodri / Alejandro Grimaldo / Aleix Garcia / Lucas Vazquez
100%
Angleterre 49 Marcus Rashford / Rio Ngumoha / Curtis Jones / Trey Nyoni / Joe Gomez / Jude Bellingham / Trent Alexander Arnold / Bukayo Saka / Eberechi Eze / Declan Rice / Noni Madueke / Max Dowman / Myles Lewis-Skelly / Ben White / Antony Gordon / Harvey Barnes / Jacob Murphy / Sean Neave / Lewis Miley / Jacob Ramsey / Joe Willock / Kieran Trippier / Valentino Livramento / Dan Burn / Lewis Hall / Leo Sahar / Aaron Ramsdale / Nick Pope / Liam Delap / Cole Palmer / Jamie Gittens / Reece James / Levi Colwill / Trevoh Chaloba / Josh Acheampong / Tosin Adarabioyo / Dominic Solanke / Conor Gallagher / James Madison / Archie Gray / Djed Spence / Nico O'Rilley / Phil Foden / John Stones / Rico Lewis / James Trafford / Max Alleyne / Jarell Quansah / Harry Kane
100%
France 33 Ousmane Dembélé / Désiré Doué / Bradley Barcola / Quentin Ndjantou / Senny Mayulu / Warren Zaïre Emery / Lucas Hernandez / Lucas Chevalier / Jules Koundé / Sacha Boey / Hugo Ekitiké / Ibrahima Konate / Kylian Mbappe / Eduardo Camavinga / Aurelien Tchouameni / Ferland Mendy / William Saliba / Malo Gusto / Wesley Fofana / Benoit Badiashile / Antoine Griezmann / Clément Lenglet / Randal Kolo Muani / Mathys Tel / Wilson Odobert / Rayan Cherki / Loic Badé / Jeanuel Belocian / Axel Tapé / Martin Terrier / Michael Olise / Dayot Upamecano
100%
Norvège 21 Martin Odegaard / Alexander Sorloth / Patrick Berg / Odin Luras Bjortuft / Fredrik Sjovold / Hakon Evjen / Jens Petter Haugh / Sondre Fet / Fredrik Bjorkan / Ole Blomberg / Jostein Gundersen / Haitam Aleesami / Sondre Auklend / Isak Maattaa / Brede Moe / Andreas Helmensen / Ulrik Saltnes / Daniel Bassi / Magnus Riisnaes / Erling Haaland / Oscar Bobb
97%
Portugal 25 Gonçalo Ramos / Vitinha / Joao Neves / Nuno Mendes / Joao Cancelo / Francisco Trincao / Pedro Gonçalves / Flavio Goncalves / Geovany Quenda / Joao Simoes / Daniel Brangaça / Nuno Santos / Goncalo Inacio / Eduardo Quaresma / Ricardo Mangas / Rui Silva / Joao Virgnia / Pedro Neto / Dario Essugo / Joao Palhinha / Bernardo Silva / Matheus Nunes / Ruben Dias / Raphael Guerreiro
96%
Allemagne 23 Ilkay Gundogan / Leroy Sané / Florian Wirtz / Antonio Rudiger / Kai Havertz / Nick Woltemade / Malick Thiaw / Robert Andrich / Janis Blaswich / Jonas Hoffman / Montrell Cullbreath / Jeremiah Mensah / Joshua Kimmich / Aleksandar Pavlovic / Jonathan Tah / Manuel Neuer / Serge Gnarby / Tom Bischof / Lennart Karl / Leon Goretzka / Jamal Musiala / Jonas Urbig / Wisdom Mike
96%
Brésil 21 Marquinhos / Raphinha / Gabriel Sara / Alisson / Vinicius / Rodrygo / Eder Militao / Luis Guilherme / Ederson / Gabriel Jesus / Gabriel Martinelli / Gabriel / Bruno Guimaraes / Joelinton / Joao Pedro / Estevao / Andrey Santos / Richarlison / Souza / Savio / Arthur
95%
Italie 17 Frederio Chisea / Giacomo Raspadori / Gianluca Scamacca / Dominic Vavassori / Raul Bellanova / Davide Zappacosta / Lorenzo Bernasconi / Giorgio Scalvini / Marco Carnesecchi / Marco Sportiello / Francesco Rossi / Ricardo Calafiori / Sandro Tonali / Matteo Ruggeri / Destiny Udogie / Guglielmo Vicario / Gianluigi Donnarumma
88%
Pays-bas 17 Frenkie De Jong / Noa Lang / Cody Gakpo / Jeremie Frimpong / Ryan Gravenberch / Virgil Van Dijk / Marten de Roon / Jurrien Timber / Sven Botman / Jorrel Hato / Xavi Simons / Micky Van de Van / Tijjani Reijnders / Nathan Ake / Ernest Poku / Mark Flekken / Mitchel Baker
88%
Argentine 16 Mauro Icardi / Can Armando Guner / Alexis Mac Allister / Franco Mastantuono / Alejandro Garnacho / Enzo Fernandez / Julian Alvarez / Thiago Almada / Nicolas Gonzalez / Giuliano Simeone / Nahuel Molina / Juan Musso / Christian Romero / Ezequiel Fernandez / Exequiel Palacios / Claudio Echeverri
81%
Maroc 3 Achraf Hakimi / Brahim Diaz / Eliesse Ben Seghir
75%
Turquie 14 Ada Yuzgec / Bans Alper Yilmaz / Yunus Akgun / Ahmed Kutucu / Gokdeniz Gurpuz / Abdulkerim Bardakci / Eren Elmali / Kaan Ayhan / Arda Unyay / Ugurcan Cakir / Gunay Guvenc / Batuhan Sen / Enes Emre Buyuk / Arda Guler
67%
Egypte 2 Mohamed Salah / Omar Marmoush
67%
Suède 8 Roony Bardghji / Alexander Isak / Isak Hien / Viktor Gyokeres / Anthony Elanga / Emil Krafth / Dejan Kulusevski / Lucas Bergvall
67%
Belgique 6 Thibault Courtois / Zeno Debast / Charles De Ketelaere / Leandro Trossard / Roméo Lavia / Jeremy Doku
67%
Pologne 3 Robert Lewandowski / Wojciech Szczesny / Nicola Zalewski
63%
Uruguay 6 Ronald Araujo / Lucas Torreira / Frederico Valverde / Maximiliano Araujo / Jose Maria Gimenez / Rodrigo Bentancour
60%
Nigeria 4 Victor Osimhen / Honest Ahanor / Ademola Lookman / Nathan Tella
58%
Equateur 3 Willian Pacho / Piero Hincapié / Moises Caicedo
58%
Géorgie 3 Kvicha Kvaratskhelia / Giorgi Mamardashvili / Giorgi Kochorashvili
53%
Corée du Sud 2 Kang in-Lee / Kim min-Jae
52%
Russie 2 Matvey Safonov / Nikita Haikin
52%
Hongrie 3 Roland Sallai / Dominik Szoboszlai / Milos Kerkez
51%
Ukraine 3 Ilya Zabarnyi / Andriy Lunin / Mykhaylo Mudryk
48%
Autriche 3 David Alaba / Kevin Danso / Konrad Laimer
47%
Croatie 4 Mario Pasalic / Josko Gvardiol / Matteo Kovacic / Josip Stanisic
47%
Sénégal 6 Ismail Jakobs / Souleymane Faye / Mamadou Sarr / Pape Matar Sarr / Nicolas Jackson / Ibrahim Mbaye
45%
Canada 1 Alphonso Davies
44%
Colombie 3 Davinson Sanchez / Luis Javier Suarez / Luis Diaz
37%
Danemark 9 Andreas Christensen / Christian Norgaard / William Osula / Filip Jorgensen / Kasper Hogh / Mathias Jorgensen / Villads Nielsen / Anders Klynge / Morten Hjulmand
33%
Japon 3 Wataru Endo / Hidemasa Morita / Hiroki Ito
30%
Algérie 2 Rayan Ait-Nouri / Ibrahim Maza
29%
Ecosse 2 Andrew Robertson / Calvin Ramsay
27%
Slovenie 1 Jan Oblak
25%
Ghana 2 Kamaldeen Sulemana / Mohammed Kudus
23%
Ouzbékistan 1 Abdukodir Khusanov
22%
République tchèque 2 Antonin Kinsky / Patrick Schick
22%
Gabon 1 Mario Lemina
16%
Burkina Faso 1 Edmond Tapsoba
12%
Irlande du Nord 2 Kieran Morrison / Conor Bradley
12%
Côte d'Ivoire 3 Wilfried Singo / Ousmane Diomande / Odilon Kossonou
11%
Slovaquie 1 David Hancko
8%
Roumanie 1 Radu Dragusin
8%
Etats-Unis 5 Yunus Musah / Caleb Wiley / Gabriel Slonina / Johnny Cardoso / Malik Tillman
8%
Mozambique 1 Geny Catamo
7%
République démocratique du Congo 1 Yoane Wissa
7%
Mali 1 Yves Bissouma
7%
Cameroun 1 Christian Kofane
5%
Pays de Galles 1 Ben Davies
3%
Albanie 1 Berat Djimsiti
1%
Grèce 2 Fotis Ioannidis / Giorgios Vagiannidis
1%
Bosnie Herzegovine 1 Sead Kolasinac
1%
Irlande 1 Alex Murphy
0%
Suisse 1 Fabian Schar
0%
Serbie 1 Lazar Samardzic
0%
Monténégro 1 Nikola Krstovic
0%
Mexique 1 Obed Vargas
0%
Aucun quiz correspondant
Distribution des résultats
% des personnes avec chaque résultat
Percentile par nombre de réponses
Votre historique - résultats
Vous n’avez pas pris ce quiz